=LDR 00000nam 2200000 4500 =001 INLIS000000000056001 =005 20200811104124 =035 ##$$a 0010-0820000142 =007 ta =008 200811###########################0#eng## =020 ##$$a 0 86124 759 0 =082 ##$$a 741.692 =084 ##$$a 741.692 Yen b =100 #$$a Bill Yenne =245 1#$$a Beer Labels Of The World /$c Bill Yenne =260 ##$$a China :$b Bison Books,$c 1993 =300 ##$$a 128 Halaman : $b Ilustrasi ; $c 28 cm. =650 #4$$a Label Beer =520 ##$$a Index: 126-128 =990 ##$$a 28062806